[Event "Gelsenkirchen Silvester op 6th"]
[Site "Gelsenkirchen"]
[Date "2018.12.29"]
[Round "5"]
[White "Illner, Ben"]
[Black "Lazarev, Daniel"]
[Result "0-1"]
[WhiteElo "1028"]
[BlackElo "855"]
[PlyCount "96"]
[EventDate "2018.12.27"]
[EventType "swiss"]
[EventRounds "7"]
[EventCountry "GER"]
[SourceTitle "CBM 188 Extra"]
[Source "ChessBase"]
[SourceDate "2019.02.26"]
[SourceVersion "1"]
[SourceVersionDate "2019.02.26"]
[SourceQuality "1"]

1. e4 e5 2. Nf3 Nc6 3. Bb5 a6 4. Bxc6 dxc6 5. 0-0 Nf6 6. Nc3 Bg4 7. d3 h6 8. Be3 Bb4 9. Re1 0-0 10. a3 Ba5 11. b4 Bb6 12. Bxb6 cxb6 13. d4 exd4 14. Qxd4 Bxf3 15. Qxd8 Rfxd8 16. gxf3 Rd2 17. e5 Nd5 18. Nxd5 cxd5 19. Red1 Rxc2 20. Rxd5 Re8 21. Rad1 Re2 22. Rd8 Rxd8 23. Rxd8+ Kh7 24. f4 Re4 25. Kg2 Rxf4 26. Rb8 Rg4+ 27. Kf3 Rh4 28. Rxb7 Rxh2 29. Rxb6 Rh3+ 30. Ke2 Rxa3 31. Kd2 a5 32. bxa5 Rxa5 33. e6 fxe6 34. Rxe6 Rf5 35. Ke2 h5 36. Kf1 g6 37. Re7+ Kh6 38. Kg2 g5 39. Kg3 h4+ 40. Kh3 Rxf2 41. Re1 Kh5 42. Rg1 Rf3+ 43. Kh2 g4 44. Kh1 g3 45. Rg2 h3 46. Rg1 Kh4 47. Re1 Rf2 48. Rg1 Rh2# 0-1